00354nam a22000977a 450000500170000010000630001724500980008026000270017830000090020570000420021420260629103728.0 aZulqarnaina21-MSCS-13aSupervisor - Dr. Adnan Ahmed Arain aLeveraging Deep Neural Network for Sentiment Analysis on Google Play Stored Data ( Thesis MS) aNawabshahbQUESTc2024 a90p. aDepartment of Information Technology